000 00684nam a2200265Ia 4500
005 20260121173455.0
008 008 260114s9999 xx 000 0 eng d
020 _a9789811946950
037 _aEBOOK
040 _aCRL
040 _beng
040 _cCRL
041 _2eng
041 _aeng
084 _qCRL
100 _aJosé Antonio Núñez Mora, M. Beatriz Mota Aragón
_91101322
245 0 _aData Analytics Applications in Emerging Markets
260 _bSpringer
260 _bSpringer
260 _c2022
856 _uhttps://link.springer.com/openurl?genre=book&isbn=978-981-19-4695-0
942 _cEBOOK
999 _c1667067
_d1667067